Premier League Winning Nations Quiz Stats

Quiz Updated Jul 13, 2016

Challenge
Share
Tweet
Embed
Score 0/44 Timer 08:00
11 Plays Today
First Winner Nation % Correct
1993England
97.4%
1993France
95.9%
2004Spain
94.7%
1993Ireland
93.7%
2002Brazil
92.5%
2003Argentina
92.2%
1993Scotland
92.2%
2004Germany
92.1%
1993Wales
92%
2012Italy
90.1%
1998Portugal
89.8%
1997Netherlands
87.3%
1999Sweden
86%
1993Russia
85.9%
1993Denmark
82.4%
2012Belgium
82.3%
1995Norway
81.5%
2004Côte d'Ivoire
79.4%
2013Japan
78.7%
2011Mexico
77.1%
1995Australia
76.9%
2003Northern Ireland
73.9%
First Winner Nation % Correct
2007South Korea
71.5%
2007Poland
70.7%
2005Serbia
69.5%
2002Nigeria
68.5%
1998Austria
66.2%
2003Uruguay
65.6%
2015Algeria
65.5%
2006Ghana
64.6%
1997Czechia
64.5%
2015Switzerland
63.1%
2002Ukraine
62%
2005Iceland
60.6%
2002Cameroon
58.6%
2015Jamaica
54.9%
2009Bulgaria
52.9%
2014Colombia
52.1%
2011Ecuador
47.2%
2012Bosnia & Herzegovina
41.2%
1999Trinidad & Tobago
40.8%
2012Montenegro
33.7%
1998Liberia
17%
2015St. Kitts and Nevis
4.2%

You're not logged in!

Compare scores with friends on all Sporcle quizzes.
Join for Free
OR
Log In

You Might Also Like...

Show Comments

Extras

Top Quizzes Today


Score Distribution

Your Account Isn't Verified!

In order to create a playlist on Sporcle, you need to verify the email address you used during registration. Go to your Sporcle Settings to finish the process.

Report this User

Report this user for behavior that violates our Community Guidelines.

Details: